000 01793cam a22004934i 4500
003 PE-LiUPU
005 20250731173515.0
008 150616s1993 nyu rb 000 0 eng d
020 _a0385413629
035 _a(Sirsi) i9780385413626
040 _aPE-LiUPU
_bspa
_cPE-LiUPU
_erda
049 _aPRUA
082 0 4 _a220.7
_bAB
_221
100 1 _aNeyrey, Jerome H.,
_eautor.
245 1 0 _a2 Peter, Jude: a new translation with introduction and commentary /
_cJerome H. Neyrey.
264 1 _aNew York :
_bThe Anchor Bible, Doubleday,
_c1993.
300 _a287 páginas ;
_c24 centímetros.
336 _atext
_2rdacontent
337 _aunmediated
_2rdamedia
338 _avolume
_2rdacarrier
490 1 _aThe Anchor Bible ;
_v37C
504 _aBibliografía al final de cada capítulo.
505 0 _aLetter openin: addres and greeting -- Letter occasion: insinuation of deviants -- Comparison and contrast: faithless deviants and faithful disciples.
526 _aSEG42
526 _aSEG41
526 _aSEG40
526 _aSEG39
526 _aP94
526 _aP87
526 _aP86
526 _aP85
526 _aP77
526 _aP76
526 _aP35
630 _aBiblia.
_pN.T.
_pJudas
_xComentarios.
630 _aBiblia.
_pN.T.
_pPedro II
_xComentarios.
910 _ajck
_bjvq
_cjck
942 _2ddc
_cBOOK
949 _a220.7 AB 37C
_wDEWEY
_c1
_i41496
_lCCODEBUL1
_mBUL
_r0
_sY
_tBOOK
_u2015-6-16
_xTEOLOGIA
_zUNKNOWN
_0COMPRA
_o.STAFF. Colección Teología
994 _aC0
_bPEPRU
596 _a1
999 _a220.7 AB 37C
_wDEWEY
_c59213
_i41496
_d59213
_e2018-8-28
_f2021-11-9
_g5
_lCCODEBUL1
_mBUL
_n2
_p20.00
_r0
_sY
_tBOOK
_u2015-6-16
_xTEOLOGIA
_PP35
_0COMPRA
_o.STAFF. Colección Teología
980 _81
_gALBERTO SANCHEZ Responsable de Automatización